Joints in Buildings / (Record no. 12810)

MARC details
000 -LEADER
fixed length control field 00440nam a2200157 a 4500
020 ## - INTERNATIONAL STANDARD BOOK NUMBER
ISBN 0711440018 (hardcover)
020 ## - INTERNATIONAL STANDARD BOOK NUMBER
ISBN 9780711440012 (hardcover)
100 1# - MAIN ENTRY--AUTHOR NAME
Personal name Martin, Bruce.
245 10 - TITLE STATEMENT
Title Joints in Buildings /
260 ## - PUBLICATION, DISTRIBUTION, ETC. (IMPRINT)
Place of publication [S.l.] :
Name of publisher George Godwin Ltd,
Year of publication 1977.
300 ## - PHYSICAL DESCRIPTION
Number of Pages 230 p.
500 ## - GENERAL NOTE
General note Import.
650 ## - SUBJECT ADDED ENTRY--TOPICAL TERM
Topical Term Buildings--Joints.
856 40 - ELECTRONIC LOCATION AND ACCESS
Uniform Resource Identifier http://www.amazon.com/exec/obidos/ASIN/0711440018/chopaconline-20
942 ## - ADDED ENTRY ELEMENTS (KOHA)
Koha item type Books
Holdings
Withdrawn status Lost status Home library Current library Date acquired Cost, normal purchase price Full call number Accession Number Koha item type
    Central Library, QUEST, Nawabshah Central Library, QUEST, Nawabshah 01/04/2015 363.00 690MAR 8489 Books